Thuyết phục : Nghệ thuật tác động đến người khác = Persuasion

Trên cơ sở dày công phân tích hành vi và cách suy nghĩ của những người thành công nhất trong công việc thuyết phục người khác, quyển sách này sẽ chỉ cho bạn bí quyết kỳ diệu để làm chủ khả năng thuyết phục – phương cách hiệu quả nhất giú...

Description complète

Enregistré dans:
Détails bibliographiques
Auteur principal: Borg, James
Format: Livre
Langue:Undetermined
Publié: Thành phố Hồ Chí Minh Tổng hợp Thành phố Hồ Chí Minh 2011
Sujets:
Tags: Ajouter un tag
Pas de tags, Soyez le premier à ajouter un tag!
Thư viện lưu trữ: Trung tâm Học liệu Trường Đại học Cần Thơ
LEADER 01170nam a2200217Ia 4500
001 CTU_180917
008 210402s9999 xx 000 0 und d
020 |c 198000 
082 |a 153.852 
082 |b B732 
100 |a Borg, James 
245 0 |a Thuyết phục : 
245 0 |b Nghệ thuật tác động đến người khác = Persuasion 
245 0 |c James Borg ; Lê Huy Lâm (dịch) 
260 |a Thành phố Hồ Chí Minh 
260 |b Tổng hợp Thành phố Hồ Chí Minh 
260 |c 2011 
520 |a Trên cơ sở dày công phân tích hành vi và cách suy nghĩ của những người thành công nhất trong công việc thuyết phục người khác, quyển sách này sẽ chỉ cho bạn bí quyết kỳ diệu để làm chủ khả năng thuyết phục – phương cách hiệu quả nhất giúp bạn gặt hái thành công trong công việc và cuộc sống. 
650 |a Persuasion (Psychology),Thuyết phục (Tâm lý học) 
904 |i Ngà,Hải 
980 |a Trung tâm Học liệu Trường Đại học Cần Thơ